000 00280nam a22001217a 4500
008 170918b xxu||||| |||| 00| 0 eng d
041 _aeng
080 _a77
100 _a44
101 _aART
245 _aTHE TRVELS BOOK OF COLOR PHOTOGRAPHY
_cPHILLIPS,V
942 _2udc
_cBK
999 _c27962
_d27962